Histotical Role Of Islam. (Record no. 757923)

MARC details
000 -LEADER
fixed length control field 00540nam a2200181Ia 4500
008 - FIXED-LENGTH DATA ELEMENTS--GENERAL INFORMATION
fixed length control field 100921s9999 xx 000 0 und d
082 ## - DEWEY DECIMAL CLASSIFICATION NUMBER
Item number 8810
Classification number 820 थ 37
100 ## - MAIN ENTRY--PERSONAL NAME
Personal name Roy M.N.
245 ## - TITLE STATEMENT
Title Histotical Role Of Islam.
260 ## - PUBLICATION, DISTRIBUTION, ETC. (IMPRINT)
Name of publisher, distributor, etc वोरा अँड कंपनी,मुंबई.
Date of publication, distribution, etc 1937
300 ## - PHYSICAL DESCRIPTION
Extent 106
Other physical details ---
365 ## - TRADE PRICE
Price amount 0
520 ## - SUMMARY, ETC.
Summary, etc ललित इंग्रजी.
630 ## - SUBJECT ADDED ENTRY--UNIFORM TITLE
Uniform title Histotical Role Of Islam.
650 ## - SUBJECT ADDED ENTRY--TOPICAL TERM
Topical term or geographic name as entry element ललित इंग्रजी.
730 ## - ADDED ENTRY--UNIFORM TITLE
Uniform title Histotical Role Of Islam.
942 ## - ADDED ENTRY ELEMENTS (KOHA)
Koha item type Book
Holdings
Withdrawn status Lost status Damaged status Not for loan Home library Current library Shelving location Date acquired Cost, normal purchase price Total Checkouts Barcode Date last seen Price effective from Koha item type Public note
      Added to bundle Lo. Tilak Granthasangrahalaya, Wai Lo. Tilak Granthasangrahalaya, Wai     0.00   WAITILAKGS-8810 09/21/2010 09/21/2010 Book संदर्भ